Les lanternes rouges en coupe du monde de rugby à XV masculine - Statistiques

Statistiques générales
  • Ce quiz a été pris 25 fois
  • Le résultat moyen est 25 sur 59
Statistiques - réponses
Hôte de la coupe du monde n'ayant pas été en demi-finale Indice Pays % Correct
Pays ayant encaissé le plus d'essais dans un même match par édition 2023 Namibie
88%
Pays ayant encaissé le plus d'essais dans un même match par édition 2019 Namibie
82%
Pays ayant encaissé le plus d'essais dans un même match par édition 2003 Namibie
76%
Pays ayant perdu le plus de finales 3 France
71%
Pays ayant perdu le plus de finales 3 Angleterre
65%
Pays ayant perdu le plus de finales 2 Australie
65%
Pays ayant encaissé le plus d'essais dans un même match par édition 2023 Italie
65%
Pays ayant perdu le plus de finales 2 Nouvelle-Zélande
65%
Hôte de la coupe du monde n'ayant pas été en demi-finale 5e Japon
59%
Pays ayant perdu un match avec la plus grande différence de points 142 & 96 Namibie
59%
Pays ayant encaissé la plus grande différence de points par édition 2023 Namibie
59%
Pays ayant perdu une finale avec plus de 10 points d'écarts 17 Australie
53%
Pays ayant perdu un match avec la plus grande différence de points 98 Italie
53%
Pays ayant perdu un match avec la plus grande différence de points 128 Japon
53%
Pays ayant encaissé le plus d'essais dans un même match par édition 2011 Japon
53%
Pays ayant participé à au moins une édition sans jamais gagner de match 6 éditions Namibie
53%
Pays ayant encaissé la plus grande différence de points par édition 2003 Namibie
53%
Pays ayant encaissé le plus d'essais dans un même match par édition 2015 Uruguay
53%
Hôte de la coupe du monde n'ayant pas été en demi-finale 10e Angleterre
47%
Pays ayant perdu une finale avec plus de 10 points d'écarts 20 Angleterre
47%
Pays ayant participé à au moins une édition sans jamais gagner de match 1 édition Chili
47%
Hôte de la coupe du monde n'ayant pas été en demi-finale 7e France
47%
Pays ayant perdu une finale avec plus de 10 points d'écarts 20 / 23 France
47%
Pays ayant encaissé le plus d'essais dans un même match par édition 1995 Japon
47%
Hôte de la coupe du monde n'ayant pas été en demi-finale 1/4 Pays-de-Galles
47%
Pays ayant encaissé le plus d'essais dans un même match par édition 2007 Portugal
47%
Pays ayant participé à au moins une édition sans jamais gagner de match 2 éditions Russie
47%
Pays ayant encaissé le plus d'essais dans un même match par édition 1987 Zimbabwe
47%
Pays ayant participé à au moins une édition sans jamais gagner de match 1 édition Côte d'ivoire
41%
Pays ayant encaissé la plus grande différence de points par édition 1987 Italie
41%
Pays ayant encaissé la plus grande différence de points par édition 1999 Italie
41%
Pays ayant encaissé le plus d'essais dans un même match par édition 1999 Italie
41%
Pays ayant encaissé la plus grande différence de points par édition 1995 Japon
41%
Pays ayant encaissé la plus grande différence de points par édition 2011 Namibie
41%
Pays ayant encaissé la plus grande différence de points par édition 2007 Portugal
41%
Pays ayant marqué moins de 15 essais depuis 1987 1 édition (0) Espagne
35%
Pays ayant perdu un match avec la plus grande différence de points 96 Namibie
35%
Pays ayant marqué moins de 15 essais depuis 1987 2 éditions (12) Portugal
35%
Pays ayant perdu un match avec la plus grande différence de points 98 Uruguay
35%
Pays ayant participé à au moins une édition sans jamais gagner de match 2 éditions Zimbabwe
35%
Pays ayant encaissé le plus d'essais dans un même match par édition 1991 Zimbabwe
35%
Pays ayant participé à au moins une édition et ayant gagné moins de 25 % de ses matchs 9 éditions Canada
29%
Pays ayant encaissé la plus grande différence de points par édition 2019 Canada
29%
Pays ayant marqué moins de 15 essais depuis 1987 1 édition (4) Chili
29%
Pays ayant marqué moins de 15 essais depuis 1987 1 édition (3) Côte d'ivoire
29%
Pays ayant participé à au moins une édition sans jamais gagner de match 1 édition Espagne
29%
Pays ayant encaissé la plus grande différence de points par édition 2015 Etats-Unis
29%
Pays ayant perdu un match avec la plus grande différence de points 91 Tonga
29%
Pays ayant marqué moins de 15 essais depuis 1987 2 éditions (10) Zimbabwe
29%
Pays ayant participé à au moins une édition et ayant gagné moins de 25 % de ses matchs 8 éditions Etats-Unis
24%
Pays ayant participé à au moins une édition et ayant gagné moins de 25 % de ses matchs 2 éditions Portugal
24%
Pays ayant participé à au moins une édition et ayant gagné moins de 25 % de ses matchs 8 éditions Roumanie
24%
Pays ayant marqué moins de 15 essais depuis 1987 2 éditions (9) Russie
24%
Pays ayant participé à au moins une édition et ayant gagné moins de 25 % de ses matchs 4 éditons Uruguay
24%
Pays ayant participé à au moins une édition et ayant gagné moins de 25 % de ses matchs 6 éditions Géorgie
18%
Pays ayant participé à au moins une édition et ayant gagné moins de 25 % de ses matchs 9 éditions Japon
18%
Pays ayant perdu un match avec la plus grande différence de points 95 Portugal
18%
Pays ayant encaissé la plus grande différence de points par édition 1991 Zimbabwe
18%
Pays ayant participé à au moins une édition sans jamais gagner de match 1 édition Portugal
12%
Aucun quiz correspondant
Distribution des résultats
% des personnes avec chaque résultat
Percentile par nombre de réponses
Votre historique - résultats
Vous n’avez pas pris ce quiz